Statistics for Every Arsenal Transfer Under Arteta

Click here to take the quiz!

General Stats

  • This quiz has been taken 48 times
  • The average score is 21 of 29

Answer Stats

Club DepartedTypeFeeAnswer% Correct
West HamTransfer€116.60mDeclan Rice
100%
Manchester CityTransfer€52.20mGabriel Jesus
100%
Real MadridTransfer€35.00mMartin Odegaard
100%
Real MadridLoan€2.0mMartin Odegaard
100%
ChelseaTransfer€75.00mKai Havertz
98%
BrightonTransfer€58.50mBen White
96%
Manchester CityTransfer€35.00mOleksandr Zinchenko
96%
Sheffield UtdTransfer€28.00mAaron Ramsdale
93%
BrightonTransfer€24.00mLeandro Trossard
89%
Atletico MadridTransfer€50.00mThomas Partey
89%
ChelseaTransfer€11.30mJorginho
87%
LOSC LilleTransfer€26.00mGabriel Magalhaes
84%
BrentfordLoan€3.34mDavid Raya
78%
AjaxTransfer€40.00mJurrien Timber
76%
BolognaTransfer€18.60mTakehiro Tomiyasu
76%
FC PortoTransfer€35.00mFabio Vieira
71%
SouthamptonLoanFreeCedric Soares
69%
Spezia CalcioTransfer€25.00mJakub Kiwior
69%
New England RevolutionTransfer€5.90mMatt Turner
69%
SouthamptonTransferFreeCedric Soares
67%
RSC AnderlechtTransfer€17.50mAlbert Sambi Lokonga
62%
Sao PauloTransfer€3.50mMarquinhos
62%
ChelseaTransferFreeWillian
56%
BenficaTransfer€8.00mNuno Tavares
51%
FlamengoLoan€8.00mPablo Mari
49%
FlamengoTransfer€6.00mPablo Mari
49%
Colorado RapidsTransfer€1.80mAuston Trusty
47%
BrightonLoanFreeMathew Ryan
33%
DijonTransfer€2.00mRunar Alex Runarsson
31%

Score Distribution

Percentile by Number Answered

Percent of People with Each Score

Your Score History

You have not taken this quiz